000 01514 a2200241 4500
001 45840
005 20260407155730.0
008 260407a1982 arg spa d
003 AR-UNSa-BCEJYS
040 _aAR-UNSa-BCEJYS
_bspa
_cAR-UNSa-BCEJYS
080 _a330.101.542
_xMicroeconomía
245 1 0 _aMicroeconomía
_pcon aplicaciones a la empresa
020 _a968-451-536-7
264 1 _aMéxico :
_bMcGraw-Hill
_c1982
300 _a455 p.
_c23 cm.
505 _aParte I : Introducción : 1. Empresas, directivos y economía - - Parte II : Instrumentos para las decisiones empresariales : 2. Teoría de la demanda del consumidor – 3. La demanda de mercado : características y estimación – 4. Producción y costes – 5. Teoría de la empresa – 6. Decisiones en condiciones de incertidumbre - - Parte III : Aplicaciones a problemas empresariales : 7. Decisiones organizativas – 8. Decisiones de financiación y seguro – 9. Decisiones de administración del personal – 10. Administración del personal en mercados imperfectos – 11. Decisiones de producción – 12. Decisiones sobre la fijación de los precios en mercados imperfectos – 13. Decisiones de marketing – 14. Decisiones contables y empresariales - - Parte IV : Relajación del supuesto de la maximización de los beneficios.
942 _cBK
590 _aniveau_biblio:m niveau_hierar:0
100 1 _aToharia Cortés, Luis
700 1 _aKenny, Lawrence W.
700 1 _aBlair, Roger D.
700 1 _aCortes Marques, Gabriel
999 _c4022
_d4022